[Event "Euskadi-ch13"]
[Site "Euskadi"]
[Date "1999.??.??"]
[Round "3"]
[White "Munoz Muriel, M."]
[Black "Varas, Carlos"]
[Result "0-1"]
[WhiteElo "2195"]
[BlackElo "2290"]

1.e4 c5 2.Nf3 e6 3.d4 cxd4 4.Nxd4 Nc6 5.Nc3 Qc7 6.Be2 a6 7.a4 Nf6 8.O-O Bb4
9.Qd3 O-O 10.Nxc6 bxc6 11.f4 a5 12.e5 Ba6 13.Qf3 Bxe2 14.Nxe2 Nd5 15.c4 Bc5+
16.Kh1 Nb4 17.Nc3 Be7 18.Qh5 f5 19.Rf3 Rf7 20.Bd2 Rb8 21.Rg1 Bc5 22.Rd1 Na6
23.Bc1 Bf8 24.Rdd3 g6 25.Qh4 Nc5 26.Rd1 Rb4 27.g4 fxg4 28.Qxg4 Rxc4 29.Rg1 Qxe5
30.Qh3 Qf5 31.Qh4 Be7 32.Qh6 Ne4 33.Ne2 Ng5 34.Rfg3 Qe4+ 35.R1g2 Rc2 36.h4 Rxe2
37.h5 Rxg2 38.Rxg2 Qe1+ 39.Rg1 Qh4+  0-1

[Event "FIN-chTB9899"]
[Site "FIN"]
[Date "1999.??.??"]
[Round "7"]
[White "Innala, Heikki Pekka"]
[Black "Helin, Tapio"]
[Result "1-0"]
[WhiteElo "2236"]
[BlackElo "2130"]

1.e4 c5 2.Nf3 e6 3.d4 cxd4 4.Nxd4 Nc6 5.Nc3 Qc7 6.f4 a6 7.Nxc6 Qxc6 8.Bd3 Nf6
9.Qe2 Bb4 10.Bd2 d6 11.O-O-O Qc7 12.Kb1 Bc5 13.g4 b5 14.g5 Nd7 15.Rde1 Bb7
16.Nd5 Qd8 17.Bc3 Kf8 18.Ne3 Nb6 19.Qh5 Rg8 20.Qxh7 b4 21.Bd2 Na4 22.f5 e5
23.g6 Nxb2 24.Kxb2 Bd4+ 25.Kb1 Qa5 26.gxf7 Kxf7 27.Qg6+  1-0

[Event "FIN-chT9899"]
[Site "FIN"]
[Date "1999.??.??"]
[Round "7"]
[White "Luukkonen, Tommi"]
[Black "Nokso Koivisto, Antti"]
[Result "1/2-1/2"]
[WhiteElo "2155"]
[BlackElo "2226"]

1.e4 c5 2.Nf3 Nc6 3.d4 cxd4 4.Nxd4 e6 5.Nc3 d6 6.Be3 Nf6 7.Be2 Be7 8.O-O O-O
9.f4 e5 10.Nf5 Bxf5 11.exf5 exf4 12.Rxf4 d5 13.Kh1 Bb4 14.Nb5 Re8 15.Bg1 Ne4
16.c4 dxc4 17.Bxc4 Bd2 18.Bxf7+ Kxf7 19.Qb3+ Kf8 20.Rxe4 Rxe4 21.Bc5+ Re7
22.Rd1 b6 23.Ba3 Bb4 24.Rxd8+ Rxd8 25.Bxb4 Nxb4 26.h3 Nd3 27.Qc3 Nf2+ 28.Kh2 Ne4
29.Qc6 Rdd7 30.Qc8+ Kf7 31.Qc4+ Kf6 32.Nd4 g6 33.Ne6 gxf5 34.Nf8 Rd2 35.Qg8 Ng5
36.Qh8+ Rg7 37.Kh1 Kf7 38.h4 Rd8 39.hxg5 Rxf8 40.g6+ hxg6 41.Qh4 Kg8 42.Kg1 Rgf7
43.Qg5 Kg7 44.Qf4 Rf6 45.a4 R8f7 46.b4 Re7 47.a5 b5 48.Qd4 a6 49.Kh2 g5 50.Qc3 Rf7
51.Qd4 Kg6 52.Kg3 Kg7 53.Qe5 Kh6 54.Qe8 Rf8 55.Qe7 R8f7 56.Qe8 Kh7 57.Kf3 Kg7
58.Qe5 Rd7 59.g4 fxg4+ 60.Kxg4 Kf7 61.Kxg5 Rfd6 62.Qh8 Rd5+ 63.Kf4 R7d6 64.Ke4 Rd1
65.Qh7+ Ke8  1/2-1/2

[Event "FRA-ch U20"]
[Site "FRA"]
[Date "1999.??.??"]
[Round "?"]
[White "Roser, Kevin"]
[Black "Mory, Eric"]
[Result "1-0"]
[WhiteElo "2319"]
[BlackElo "2056"]

1.e4 c5 2.Nf3 e6 3.Nc3 Nc6 4.d4 cxd4 5.Nxd4 a6 6.Be2 Qc7 7.O-O Nf6 8.Be3 Be7
9.f4 d6 10.Qe1 O-O 11.Qg3 Rd8 12.f5 e5 13.Bh6 Bf8 14.Nb3 Kh8 15.Bg5 Ne7 16.Qh4 b5
17.a3 Qa7+ 18.Kh1 Nfg8 19.Nd5 Nxd5 20.Bxd8 Ne3 21.Rf3 Nxc2 22.Rc1 Nd4 23.Nxd4 Qxd4
24.Rfc3 Bxf5 25.exf5 f6 26.Qxd4 exd4 27.Rc8  1-0

[Event "FRA-chT 9899"]
[Site "FRA"]
[Date "1999.??.??"]
[Round "1"]
[White "Guidarelli, Laurent"]
[Black "Jean, Olivier"]
[Result "1/2-1/2"]
[WhiteElo "2272"]
[BlackElo "2263"]

1.e4 c5 2.Nf3 e6 3.d4 cxd4 4.Nxd4 Nc6 5.Nc3 a6 6.Be3 Qc7 7.Bd3 b5 8.O-O Bb7
9.Qe2 Nf6 10.Rad1 Rc8 11.Nxc6 Qxc6 12.Bd4 Be7 13.Bxf6 Bxf6 14.Nxb5 Qc5 15.Nc3 Bxc3
16.bxc3 a5 17.Bb5 Bc6 18.c4 a4 19.Qd3 O-O 20.Rb1 h6 21.Rfc1 Rc7 22.a3 f5
23.exf5 Rxf5 24.Qe3 Qxe3 25.fxe3 Be4 26.Rb4 Rg5 27.g3 h5 28.Rf1 d5 29.cxd5 exd5
30.Bd3 Bxd3 31.cxd3 Rc3 32.Rxa4 Rxd3 33.Re1 Rf5 34.Ra8+ Kh7 35.Ra4  1/2-1/2

[Event "FRA-chT 9899"]
[Site "FRA"]
[Date "1999.??.??"]
[Round "1"]
[White "Bakus, Michel"]
[Black "Borne, Niels"]
[Result "0-1"]
[WhiteElo "2160"]
[BlackElo "2305"]

1.e4 c5 2.Nf3 e6 3.d4 cxd4 4.Nxd4 Nc6 5.Nc3 a6 6.Be2 Nge7 7.Be3 Nxd4 8.Qxd4 b5
9.O-O Nc6 10.Qd2 Bb7 11.Rad1 Be7 12.Bf4 Rc8 13.Rfe1 Na5 14.Bd6 Nc4 15.Bxc4 Rxc4
16.a3 Bxd6 17.Qxd6 Qc7 18.Qd3 Bc6 19.Re3 O-O 20.Rg3 f5 21.b3 Rc5 22.exf5 Rcxf5
23.Re1 Rxf2 24.Qd4 R2f7 25.Qg4 Qa7+ 26.Rge3 Qxe3+  0-1

[Event "FRA-chT 9899"]
[Site "FRA"]
[Date "1999.??.??"]
[Round "3"]
[White "Fressinet, Laurent"]
[Black "Jean, Olivier"]
[Result "1-0"]
[WhiteElo "2424"]
[BlackElo "2263"]

1.e4 c5 2.Nf3 e6 3.d4 cxd4 4.Nxd4 Nc6 5.Nc3 Qc7 6.Be3 a6 7.Bd3 b5 8.f4 Bb7
9.Nb3 d6 10.O-O Nf6 11.Qf3 g6 12.Rad1 b4 13.Na4 Bg7 14.Nb6 Rb8 15.Nc4 O-O
16.Bb6 Qe7 17.Qe2 Rfe8 18.e5 dxe5 19.Bc5 Nd4 20.Qxe5 Nd7 21.Qxg7+ Kxg7 22.Bxe7 Nxb3
23.Bd6 Nbc5 24.Bxb8 Rxb8 25.Be2 Nf6 26.Bf3 Bd5 27.Bxd5 Nxd5 28.Rd4 Nd7 29.Rf3 Rc8
30.a3 Nb8 31.axb4 Nc6 32.Rd2 Ncxb4 33.Na3 Rc5 34.g3 h6 35.Kf2 g5 36.c3 Nc6
37.Ke2 gxf4 38.gxf4 Nce7 39.Nc2 Nf5 40.Kf1 Kf6 41.Nd4 Rc8 42.Kf2 Nd6 43.Re2 a5
44.Ke1 a4 45.Kd2 Nb6 46.Rh3 Rh8 47.Rh4 h5 48.Kc1 Nd5 49.Rg2 Ra8 50.Rxh5 Nxf4
51.Rh6+ Ke5 52.Nc6+ Ke4 53.Rd2 Nf5 54.Rh7 Rg8 55.Kb1 a3 56.bxa3 Nd5 57.Rxf7 Nxc3+
58.Kb2 Nd5 59.a4 Rc8 60.Na7 Rb8+ 61.Kc1 Rb4 62.a5 Nfe3 63.Rh7 Ra4 64.Rh4+ Nf4
65.Nb5 Nd5 66.Rxd5 Rc4+ 67.Nc3+  1-0

[Event "FRA-chT 9899"]
[Site "FRA"]
[Date "1999.??.??"]
[Round "4"]
[White "Koch, Jean Rene"]
[Black "Bakus, Michel"]
[Result "1-0"]
[WhiteElo "2485"]
[BlackElo "2160"]

1.e4 c5 2.Nf3 e6 3.d4 cxd4 4.Nxd4 Nc6 5.Nc3 Qc7 6.Be2 Nf6 7.O-O a6 8.Be3 Bb4
9.Na4 O-O 10.Nxc6 bxc6 11.f4 Rb8 12.c4 Nxe4 13.Bd3 d5 14.c5 Qe7 15.Bxe4 dxe4
16.Qc2 f5 17.Rad1 Rb5 18.Bd4 e5 19.Bxe5 Bxc5+ 20.Nxc5 Rxc5 21.Qb3+ Rd5 22.Rxd5 cxd5
23.Rc1 Qb7 24.Rc7  1-0

[Event "FRA-chT 9899"]
[Site "FRA"]
[Date "1999.??.??"]
[Round "4"]
[White "Guadalpi, David"]
[Black "Bujisho, Benjamin"]
[Result "0-1"]
[WhiteElo "2279"]
[BlackElo "2270"]

1.e4 c5 2.Nf3 e6 3.d4 cxd4 4.Nxd4 Nc6 5.Nc3 Qc7 6.Be3 a6 7.Be2 Nf6 8.O-O Bb4
9.Na4 Be7 10.c4 Nxe4 11.c5 O-O 12.Rc1 Rb8 13.Bf3 Ng5 14.Be2 f5 15.f4 Ne4
16.g3 Nb4 17.Rc4 Nd5 18.Bc1 d6 19.Nxf5 Rxf5 20.Rxe4 Nf6 21.cxd6 Bxd6 22.Rc4 Qe7
23.Bd3 Rd5 24.Nc3 Bc5+ 25.Kg2 Rd7 26.Re1 b5 27.Rxc5 Qxc5 28.Qc2 Bb7+ 29.Kf1 Qh5  0-1

[Event "FRA-chT 9899"]
[Site "FRA"]
[Date "1999.??.??"]
[Round "6"]
[White "Riff, Sebastien"]
[Black "Acher, Mathieu"]
[Result "1-0"]
[WhiteElo "2225"]
[BlackElo "2232"]

1.e4 c5 2.Nf3 e6 3.Nc3 Nc6 4.d4 cxd4 5.Nxd4 Qc7 6.Be3 Nf6 7.Bd3 a6 8.O-O b5
9.Nxc6 dxc6 10.f4 e5 11.h3 Bd6 12.f5 Bb7 13.a4 Be7 14.Qf3 O-O 15.g4 h6 16.g5 hxg5
17.Bxg5 Nh7 18.Be3 Qd6 19.Qg3 Qf6 20.Kh1 Qh4 21.Qg2 Bg5 22.Rg1 f6 23.Bf2 Qh6
24.Qg4 Rf7 25.axb5 axb5 26.Rxa8+ Bxa8 27.Kg2 Be3 28.Qg6 Nf8 29.Qxh6 Bxh6
30.Kf3 Bb7 31.Ne2 Rd7 32.Nc1 Rd8 33.Nb3 Nd7 34.Ra1 Ra8 35.Rd1 Bc8 36.Be2 Kf7
37.Nc5 Nxc5 38.Bxc5 Ke8 39.Kf2 Bd7 40.c4 Ra2 41.cxb5 cxb5 42.Ba3 b4 43.Bc4 bxa3
44.Bxa2 axb2 45.Rd6 Kd8 46.Rb6 Bc1 47.Ke2 Kc7 48.Rb4 Kd6 49.Kd3 Kc5 50.Rc4+ Kb6
51.Rc2 Bb5+ 52.Kc3 Bc6 53.Re2 Kc5 54.h4 Bf4 55.Bb1 Bg3 56.h5 Be8 57.Rxb2 Bxh5
58.Rg2 Be1+ 59.Kd3 Bf7 60.Rxg7 Bc4+ 61.Ke3 Bh4 62.Rc7+ Kb4 63.Bd3 Bg5+ 64.Ke2 Bb3
65.Kf3 Ba4 66.Be2 Bb3 67.Kg4 Ba4 68.Rg7 Kc5 69.Rxg5 fxg5 70.f6 Bb3 71.Kxg5 Kd4
72.Kf5 Bf7 73.Ba6  1-0

[Event "FRA-chT 9899"]
[Site "FRA"]
[Date "1999.??.??"]
[Round "6"]
[White "Guidarelli, Laurent"]
[Black "Gouret, Thierry"]
[Result "1-0"]
[WhiteElo "2272"]
[BlackElo "2296"]

1.d4 e6 2.Nf3 c5 3.e4 cxd4 4.Nxd4 Nc6 5.Nc3 d6 6.Be3 Nf6 7.f3 a6 8.Qd2 Nxd4
9.Bxd4 b5 10.g4 h6 11.O-O-O b4 12.Ne2 d5 13.e5 Nd7 14.f4 Nc5 15.Qe3 Qa5 16.Kb1 Bd7
17.Nc1 h5 18.Be2 hxg4 19.Bxg4 Rh4 20.Qg3 Be7 21.Bxc5 Qxc5 22.Nb3 Qb6 23.f5 exf5
24.Bf3 g5 25.Bxd5 Rd8 26.Nd2 Be6 27.Bxe6 fxe6 28.Nf3 Rh5 29.h3 Kf7 30.Rdf1 Qe3
31.Qg2 Rdh8 32.Re1 Qf4 33.Rhf1 Rxh3 34.Ng1 Rh2 35.Qc6 Rf2 36.Rxf2 Qxf2 37.Rc1 Rh1
38.Qxh1 g4 39.Qb7 Kg6 40.Qxa6 Bg5 41.Qxe6+ Kh5 42.Rd1 f4 43.Qf7+ Kh4 44.e6 Qe3
45.Qh7+ Kg3 46.Rd3 f3 47.Rxe3 Bxe3 48.Nxf3 gxf3 49.e7 f2 50.Qh1  1-0

[Event "FRA-chT 9899"]
[Site "FRA"]
[Date "1999.??.??"]
[Round "6"]
[White "Guyard, Bertrand"]
[Black "Cramling, Pia"]
[Result "1-0"]
[WhiteElo "2196"]
[BlackElo "2515"]

1.e4 c5 2.Nf3 e6 3.d4 cxd4 4.Nxd4 Nc6 5.Nc3 Qc7 6.Be2 a6 7.O-O b5 8.a3 Bb7
9.Be3 Nf6 10.f4 Nxd4 11.Qxd4 h5 12.h3 h4 13.Rad1 Rc8 14.Bf3 Be7 15.Rf2 d6
16.Rfd2 O-O 17.Qd3 Nd7 18.Qe2 Nb6 19.Rd3 Rfe8 20.Qe1 Nc4 21.Bc1 d5 22.Kh1 Bf6
23.e5 Be7 24.Ne2 a5 25.Nd4 b4 26.axb4 axb4 27.g3 Nb6 28.g4 Nd7 29.g5 Nc5
30.Re3 Ne4 31.Qxh4 Bc5 32.Re2 Ba6 33.Rg2 g6 34.Qe1 Kg7 35.h4 Rh8 36.h5 gxh5
37.g6 Bxd4 38.Bxe4 dxe4 39.Rxd4 Rcd8 40.Qh4  1-0

[Event "FRA-chT 9899"]
[Site "FRA"]
[Date "1999.??.??"]
[Round "7"]
[White "Koch, Jean Rene"]
[Black "Borne, Niels"]
[Result "1-0"]
[WhiteElo "2485"]
[BlackElo "2305"]

1.e4 c5 2.Nf3 e6 3.d4 cxd4 4.Nxd4 Nc6 5.Nc3 a6 6.Be2 Nge7 7.O-O Nxd4 8.Qxd4 Nc6
9.Qd3 Qc7 10.Bg5 Bd6 11.Kh1 f6 12.Be3 b5 13.f4 O-O 14.Rad1 Be7 15.Bf3 Rd8
16.Qe2 Rb8 17.Qf2 Na5 18.e5 Nc6 19.exf6 Bxf6 20.f5 d5 21.fxe6 Bxe6 22.Nxd5 Bxd5
23.Bxd5+ Kh8 24.c3 Ne5 25.Bf4 Re8 26.Be4 b4 27.Qc2 bxc3 28.bxc3 Rbc8 29.Rf3 Rcd8
30.Rdf1 Qc4 31.Bxe5 Rxe5 32.Bxh7 Re3 33.Bg6 Qe6 34.Rxe3 Qxe3 35.c4 Qh6 36.Qe4 Qh4
37.Qf5 a5 38.c5 a4 39.c6  1-0

[Event "FRA-chT 9899"]
[Site "FRA"]
[Date "1999.??.??"]
[Round "8"]
[White "Adams, Michael"]
[Black "Skripchenko, Almira"]
[Result "1-0"]
[WhiteElo "2716"]
[BlackElo "2414"]

1.e4 c5 2.Nf3 e6 3.d4 cxd4 4.Nxd4 Nc6 5.Nc3 Qc7 6.Be3 a6 7.Qd2 Nf6 8.f3 Ne5
9.O-O-O b5 10.Kb1 b4 11.Na4 d5 12.Bf4 Bd6 13.exd5 Nxd5 14.Nf5 Bd7 15.Nxd6+ Qxd6
16.Nb6 Qxb6 17.Bxe5 O-O 18.Bc4 Bc6 19.Bxg7 Kxg7 20.Bxd5 exd5 21.Qg5+ Kh8
22.Qf6+ Kg8 23.Rxd5 Rfe8 24.Rg5+ Kf8 25.Qd6+  1-0

[Event "FRA-chT 9899"]
[Site "FRA"]
[Date "1999.??.??"]
[Round "8"]
[White "Hamdouchi, Hichem"]
[Black "Sokolov, Andrei"]
[Result "1/2-1/2"]
[WhiteElo "2564"]
[BlackElo "2567"]

1.e4 c5 2.Nc3 Nc6 3.Nf3 e6 4.d4 cxd4 5.Nxd4 d6 6.Be3 Nf6 7.Bc4 Be7 8.Qe2 a6
9.O-O-O Qc7 10.Bb3 Na5 11.g4 b5 12.g5 Nxb3+ 13.axb3 Nd7 14.f4 b4 15.Na4 Bb7
16.Bd2 a5 17.Rhe1 O-O 18.Kb1 Rfc8 19.Bc1 Nc5 20.Qg2 Bf8 21.h4 g6 22.h5 e5
23.fxe5 dxe5 24.Nf3 Nxe4 25.hxg6 hxg6 26.Qh2 Bg7 27.Be3 Nc3+  1/2-1/2

[Event "FRA-chT 9899"]
[Site "FRA"]
[Date "1999.??.??"]
[Round "10"]
[White "Zangrilli, David"]
[Black "Blot, Jerome"]
[Result "1/2-1/2"]
[WhiteElo "2243"]
[BlackElo "2253"]

1.e4 c5 2.Nf3 Nc6 3.d4 cxd4 4.Nxd4 e6 5.Nc3 Qc7 6.Be3 a6 7.Be2 Nf6 8.O-O Bb4
9.Nxc6 bxc6 10.Na4 Be7 11.Bd3 c5 12.c4 Bb7 13.Nc3 Rd8 14.Qe2 O-O 15.Bg5 d6
16.Rad1 Rfe8 17.Rfe1 h6 18.Bf4 Nd7 19.Bc2 Ne5 20.Ba4 Rf8 21.h3 Bf6 22.Bc2 Ba8
23.Bb1 Qb7 24.Rd2 Rd7 25.Red1 Rfd8 26.Na4 Qb4 27.b3 Bc6 28.Nb2 Qb7 29.f3 Qc7
30.Kh1 Ng6 31.Bg3 Bg5 32.Rc2 e5 33.Nd3 Re8 34.Qf2 Nf8 35.h4 Bf6 36.Qe1 Ne6
37.Bf2 Qd8 38.g3 g5 39.hxg5 hxg5 40.g4 Kg7 41.Kg1 Rh8 42.Be3 Rh3 43.Nf2 Rh7
44.Nh1 Nd4 45.Bxd4 exd4 46.Ng3 Be5 47.Nh5+ Kf8 48.Qf1 Qe7 49.Rg2 Qe6 50.Rdd2 Qh6
51.Bd3 Rb7 52.Kf2 f6 53.Rg1 Be8 54.Rh1 Qg6 55.Ke1 Qg8 56.Qh3 Qe6 57.Qg2 Bg6
58.Rd1 Qe8 59.Kd2 Qd8 60.Kc2 Qa5 61.Kb1 Qb4 62.f4 gxf4 63.Qf3 Qc3 64.Nxf4 Bxf4
65.Rxh7 Rxb3+  1/2-1/2

[Event "FRA-chT 9899"]
[Site "FRA"]
[Date "1999.??.??"]
[Round "10"]
[White "Weill, Roland"]
[Black "Bakus, Michel"]
[Result "1/2-1/2"]
[WhiteElo "2217"]
[BlackElo "2160"]

1.e4 c5 2.Nf3 e6 3.d4 cxd4 4.Nxd4 Nc6 5.Nc3 Qc7 6.g3 a6 7.Bg2 Nf6 8.O-O Be7
9.Re1 O-O 10.Nb3 d6 11.a4 Rb8 12.a5 b6 13.axb6 Rxb6 14.f4 Rd8 15.g4 Re8 16.g5 Nd7
17.h4 Rb8 18.h5 Nf8 19.Be3 Nb4 20.Nd4 Bd7 21.Qd2 Bc8 22.Qf2 Nc6 23.Nxc6 Qxc6
24.Rab1 Bb7 25.f5 Nd7 26.g6 fxg6 27.fxe6 Ne5 28.hxg6 hxg6 29.Nd5 Bc8 30.Bh3 Bf8
31.Rf1 Bxe6 32.Qxf8+ Rxf8 33.Ne7+ Kh7 34.Nxc6 Bxh3 35.Nxb8 Bxf1 36.Rxf1 Rxb8
37.b3 Rb4 38.Ra1 Rxe4 39.Ba7 Re2 40.Rxa6 Rxc2 41.Rxd6 Rb2 42.Rb6 Nf3+ 43.Kf1 Nd2+
44.Ke1 Nxb3 45.Rb7 Ra2 46.Kd1 Rd2+ 47.Ke1 Rd3 48.Ke2 Nc1+ 49.Kf2 Rd5 50.Ke3 Re5+
51.Kf3 Ne2 52.Be3 Nc3 53.Bd4 Rf5+ 54.Kg2 Ne4 55.Bxg7 Nd6 56.Rd7 Nf7 57.Bc3 g5
58.Ra7 Kg6 59.Ra5 Rf4 60.Ra6+ Kh5 61.Rf6 Rg4+ 62.Kh3 Rc4 63.Rxf7 Rxc3+ 64.Kg2 Kh4
65.Ra7 Rc2+ 66.Kg1 Rb2 67.Ra3 g4 68.Rc3  1/2-1/2

[Event "FRA-chT 9899"]
[Site "FRA"]
[Date "1999.??.??"]
[Round "11"]
[White "Popovic, Petar"]
[Black "Beikert, Guenther"]
[Result "1-0"]
[WhiteElo "2482"]
[BlackElo "2440"]

1.e4 c5 2.Nf3 Nc6 3.d4 cxd4 4.Nxd4 e6 5.Nc3 Qc7 6.g3 a6 7.Bg2 d6 8.O-O Bd7
9.Nce2 Nf6 10.b3 Be7 11.c4 O-O 12.Bb2 Rac8 13.a4 Rfd8 14.Qd2 Na5 15.Bc3 b6
16.Rab1 Be8 17.Rfc1 Nd7 18.h3 Nc5 19.Ba1 e5 20.b4 exd4 21.bxa5 bxa5 22.Nxd4 Bf6
23.Bc3 Nxa4 24.Bxa5 Qa7 25.Nf5 Qc5 26.Bxd8 Rxd8 27.Rb3 g6 28.Ne3 Bc6 29.Kh2 h5
30.h4 Re8 31.Nd5 Bg7 32.Nc7 Rxe4 33.Bxe4 Bxe4 34.Nd5 Qa7 35.Re3 Nc5 36.Rce1 f5
37.f3  1-0

[Event "Oberliga Ost B9899"]
[Site "GER"]
[Date "1999.??.??"]
[Round "?"]
[White "Wohlfahrt, Paulus"]
[Black "Legde, Georg"]
[Result "1/2-1/2"]
[WhiteElo "2185"]
[BlackElo "2255"]

1.e4 c5 2.Nf3 Nc6 3.d4 cxd4 4.Nxd4 e6 5.Nc3 d6 6.Be2 Nf6 7.O-O Be7 8.Be3 O-O
9.f4 a6 10.a4 Qc7 11.Kh1 Bd7 12.Nb3  1/2-1/2

[Event "Oberliga Ost A9899"]
[Site "GER"]
[Date "1999.??.??"]
[Round "?"]
[White "Schuster, Martin"]
[Black "Liebert, Heinz"]
[Result "1/2-1/2"]
[WhiteElo "2140"]
[BlackElo "2360"]

1.e4 c5 2.Nf3 Nc6 3.d4 cxd4 4.Nxd4 e6 5.Nc3 Qc7 6.a3 a6 7.Be2 Nf6 8.Be3 Be7
9.O-O O-O 10.f4 d6 11.Kh1 Na5 12.Nb3 Nc4 13.Bxc4 Qxc4 14.Qd4 Qxd4 15.Bxd4 Bd7
16.Rad1 Bc6 17.Na5 Nd7 18.Be3 Nf6 19.Bd4  1/2-1/2

[Event "Oberliga Ost B9899"]
[Site "GER"]
[Date "1999.??.??"]
[Round "?"]
[White "Petrosian, Suren"]
[Black "Euler, Gerd"]
[Result "1-0"]
[WhiteElo "2375"]
[BlackElo "2385"]

1.Nc3 c5 2.e4 Nc6 3.Nf3 e6 4.d4 cxd4 5.Nxd4 Qc7 6.Be3 a6 7.Bd3 Nf6 8.Qe2 Be7
9.g4 h6 10.Nxc6 bxc6 11.f4 d5 12.g5 hxg5 13.fxg5 Nh5 14.Rf1 d4 15.Qf2 dxc3
16.Qxf7+ Kd8 17.O-O-O Bd7 18.Bc4 Qb7 19.Rxd7+ Qxd7 20.Bb6+ Kc8 21.Bxe6 Kb7
22.Bxd7 Raf8 23.Bc8+ Kxb6 24.Qb3+ Ka5 25.Qxc3+ Bb4 26.Qe5+ Kb6 27.Qb8+ Kc5
28.Rxf8 Rxf8 29.c3 Rf1+ 30.Kc2 Rf2+ 31.Kb3 Ba5 32.Qa7+ Bb6 33.Qe7+  1-0

[Event "Oberliga Nord N9899"]
[Site "GER"]
[Date "1999.??.??"]
[Round "?"]
[White "Voigt, Martin"]
[Black "Buhr, Carl Christian"]
[Result "1-0"]
[WhiteElo "2275"]
[BlackElo "2320"]

1.e4 c5 2.Nf3 e6 3.d4 cxd4 4.Nxd4 Nc6 5.Nc3 Qc7 6.Be3 Nf6 7.f4 d6 8.Bd3 a6
9.Qf3 Bd7 10.O-O Be7 11.Rae1 O-O 12.Qg3 Kh8 13.Nxc6 Bxc6 14.Bd4 Qd8 15.Kh1 b5
16.a3 g6 17.Qh4 Kg8 18.Qh3 Re8 19.e5 dxe5 20.fxe5 Qxd4 21.exf6 Bf8 22.Ne2 Qc5
23.Nf4 Ra7 24.Qg4 Bh6 25.h4 Bxf4 26.Qxf4 Rd7 27.Re5 Qf8 28.h5 Red8 29.hxg6 hxg6
30.Re3 Rd4 31.Qh2 Qd6 32.Rg3 e5 33.Bxg6 fxg6 34.Rxg6+ Kf7 35.Qh7+  1-0

[Event "NRW-Liga I 9899"]
[Site "GER"]
[Date "1999.??.??"]
[Round "8"]
[White "Fehr, Axel"]
[Black "Keller, Thomas"]
[Result "1/2-1/2"]
[WhiteElo "2105"]
[BlackElo "2250"]

1.e4 c5 2.Nf3 Nc6 3.d4 cxd4 4.Nxd4 e6 5.Nc3 a6 6.a4 Bb4 7.Nxc6 dxc6 8.Qxd8+ Kxd8
9.Bf4 Nf6 10.f3 Nd7 11.Bd2 b6 12.Rd1 Bb7 13.g3 Ke7 14.f4 c5 15.Bg2 Nf6 16.O-O Bxc3
17.Bxc3 Nxe4 18.Bxg7 Rhd8 19.Be5 f6 20.Bc7 Rdc8 21.Bxb6 a5 22.Rd3 Ra6 23.Rb3 Bd5
24.Rb5 Bc4 25.Bxe4 Bxb5 26.Bxc5+ Rxc5 27.axb5 Rd6 28.Bd3 Rd4 29.b3 Rxd3 30.cxd3 Rxb5
31.Ra1 Kd6 32.Ra4 Kc5 33.Kf2 Kb6 34.Ra3 Kc5 35.Ra4 Kb6 36.Ra3  1/2-1/2

[Event "SWZ-ch"]
[Site "Graechen"]
[Date "1999.??.??"]
[Round "?"]
[White "Isler, Peter"]
[Black "Belotti, Bruno"]
[Result "0-1"]
[WhiteElo "2180"]
[BlackElo "2441"]

1.e4 c5 2.Nf3 e6 3.Nc3 Nc6 4.d4 cxd4 5.Nxd4 a6 6.g3 Nge7 7.Bg2 Nxd4 8.Qxd4 Nc6
9.Qd1 d6 10.Be3 Rb8 11.a4 Be7 12.f4 O-O 13.O-O Qc7 14.Qe2 Bf6 15.Qc4 Qa5
16.Rab1 Bd7 17.Rfd1 b5 18.axb5 axb5 19.Qd3 b4 20.Qxd6 bxc3 21.Qxd7 Rfd8 22.Qxc6 Rxd1+
23.Rxd1 cxb2 24.e5 b1=Q 25.Rxb1 Rxb1+ 26.Kf2 Qe1+ 27.Kf3 Be7 28.Qc8+ Bf8
29.f5 Qd1+ 30.Kf2 Qg4 31.fxe6 fxe6 32.Bf3 Qh3 33.Bg2 Qf5+ 34.Bf3 Rb2  0-1

[Event "SWZ-ch"]
[Site "Graechen"]
[Date "1999.??.??"]
[Round "?"]
[White "Mantovani, Renzo"]
[Black "Fierz, Martin"]
[Result "1-0"]
[WhiteElo "2377"]
[BlackElo "2194"]

1.e4 c5 2.Nf3 e6 3.Nc3 Nc6 4.d4 cxd4 5.Nxd4 Qc7 6.g3 a6 7.Bg2 Nf6 8.Nxc6 bxc6
9.O-O e5 10.b3 Be7 11.Na4 d6 12.Re1 O-O 13.Nb2 Be6 14.Qe2 Nd7 15.Nc4 f6 16.Bd2 Nb6
17.Ne3 a5 18.c4 c5 19.a4 Nd7 20.Nd5 Qd8 21.Bf3 Nb8 22.Bg4 Bf7 23.Bh5 g6 24.Bg4 Nc6
25.Rab1 Nd4 26.Qd3 Rb8 27.Nxe7+ Qxe7 28.Bxa5 Rb7 29.Bc3 Rxb3 30.Rxb3 Nxb3
31.Bxe5 Qxe5 32.Qxb3 f5 33.Bf3 Qd4 34.Rd1 Bxc4 35.Qc2  1-0

[Event "Alfoeld Cup"]
[Site "Hajduszoboszlo"]
[Date "1999.??.??"]
[Round "6"]
[White "Antos, Zoltan"]
[Black "Leidl, Istvan"]
[Result "0-1"]
[WhiteElo "1825"]
[BlackElo "1975"]

1.e4 c5 2.Nf3 e6 3.d4 cxd4 4.Nxd4 Nc6 5.Nc3 a6 6.Bc4 Qc7 7.Be3 Nf6 8.O-O b5
9.Bd3 Bb7 10.f3 Bc5 11.Nf5 Bxe3+ 12.Nxe3 Qb6 13.Qd2 Ne5 14.Kh1 O-O 15.a3 Rad8
16.f4 Nxd3 17.cxd3 d5 18.e5 d4 19.exf6 dxe3 20.Qe2 gxf6 21.Qh5 Rxd3 22.Qh6 Qc6
23.Rf3 e2 24.Qxf6 Rfd8 25.Rg1 e5 26.Qxc6 Bxc6 27.Rxd3 Rxd3 28.fxe5 Rd2 29.Re1 Rxb2
30.Nxe2 Ra2 31.Nf4 Rxa3 32.Rc1 Bd7 33.Nh5 Be6 34.h3 Bc4 35.Rd1 Rd3 36.Re1 a5
37.Nf6+ Kg7 38.Ne4 Bd5 39.Kg1 Bxe4 40.Rxe4 b4 41.e6 fxe6 42.Rxe6 b3 43.Rb6 a4
44.Rb7+ Kf6 45.Rxh7 b2  0-1

[Event "Hallsberg opJ"]
[Site "Hallsberg"]
[Date "1999.??.??"]
[Round "3"]
[White "Blehm, Pawel"]
[Black "Agopov, Mikael"]
[Result "1-0"]
[WhiteElo "2428"]
[BlackElo "2398"]

1.e4 c5 2.Nf3 Nc6 3.d4 cxd4 4.Nxd4 e6 5.Nc3 Qc7 6.Be2 a6 7.O-O Nf6 8.Kh1 Nxd4
9.Qxd4 Bc5 10.Qd3 b5 11.Bg5 Bb7 12.f4 b4 13.e5 Nd5 14.Nxd5 Bxd5 15.Bf3 Bxf3
16.Rxf3 O-O 17.Rh3 f5 18.exf6 g6 19.f5 gxf5 20.Rg3 Kh8 21.Bh6 Rf7 22.Qf3 d5
23.Bg7+ Kg8 24.Rh3 Bd6 25.Re1 Rxg7 26.fxg7 Qf7 27.Rh6 Re8 28.Qe2  1-0

[Event "Hallsberg opJ"]
[Site "Hallsberg"]
[Date "1999.??.??"]
[Round "7"]
[White "Snarheim, Dagfinn"]
[Black "Agopov, Mikael"]
[Result "1-0"]
[WhiteElo "2190"]
[BlackElo "2398"]

1.e4 c5 2.Nf3 Nc6 3.d4 cxd4 4.Nxd4 e6 5.Nc3 Qc7 6.f4 a6 7.Nxc6 Qxc6 8.Bd3 b5
9.Qe2 Bb7 10.Bd2 Be7 11.a3 Rc8 12.O-O-O Nf6 13.g4 h6 14.g5 hxg5 15.fxg5 Nh5
16.g6 f6 17.Rhf1 Qc5 18.Rf3 Bd6 19.Rh3 Ke7 20.Nd5+ Bxd5 21.Rxh5 Qd4 22.Be3 Rxh5
23.Bxd4 Rxh2 24.Qxh2 Bxh2 25.exd5 exd5 26.Be3 Ke6 27.Rf1 Be5 28.Bf5+ Kd6
29.Rd1 Rc4 30.Bh3 Re4 31.Bg1 Bf4+ 32.Kb1 Re5 33.b3 Rh5 34.Bf1 Rg5 35.Bd3 Ke7
36.Bd4 d6 37.a4 bxa4 38.bxa4 Be5 39.Re1 Rg4 40.c3 a5 41.Kc2 Ke6 42.Kb3 Rg3
43.Re3 Rg5 44.Bb6 f5 45.Rf3  1-0

[Event "Havana Provincial"]
[Site "Havana"]
[Date "1999.??.??"]
[Round "?"]
[White "Gonzalez, Yuri"]
[Black "Elissalt Cardenas, Hector"]
[Result "1-0"]
[WhiteElo "2385"]
[BlackElo "2285"]

1.e4 c5 2.Nf3 Nc6 3.Nc3 e6 4.d4 cxd4 5.Nxd4 Nf6 6.g3 d6 7.Bg2 Bd7 8.O-O Nxd4
9.Qxd4 Bc6 10.Re1 Be7 11.a4 O-O 12.b3 Qa5 13.b4 Qe5 14.Qd3 d5 15.b5 Bb4 16.Bd2 Bd7
17.exd5 Qc7 18.Rab1 Bd6 19.dxe6 Bxe6 20.b6 Qd7 21.bxa7 Rxa7 22.Be3 Raa8 23.Rxb7 Qc8
24.Qxd6 Qxc3 25.Bd2 Qxc2 26.Rc7 Qxa4 27.Bxa8 Qxa8 28.Rxe6 fxe6 29.Qxe6+ Kh8
30.Bc3 Qf3 31.Qe7 Qd1+ 32.Kg2 Qd5+ 33.f3 Qa2+ 34.Kh3 Qg8 35.g4 h6 36.Kg3 Ne8
37.Rc8 Kh7 38.Bxg7 Qxg7 39.Rxe8 Rxe8 40.Qxe8 Qc7+ 41.Kg2 Qc2+ 42.Kg3 Qc7+
43.Kh3 Qc1 44.Qe4+ Kg7 45.Qd4+ Kh7 46.Kg2 Qc2+ 47.Kg3 Qc7+ 48.Kg2 Qc2+ 49.Qf2 Qc6
50.Qe2 Qc1 51.h4 Kg7 52.Qe7+ Kg8 53.g5 Qb2+ 54.Kg3 Qb8+ 55.Kg4 Qc8+ 56.Kh5 hxg5
57.hxg5 Qc6 58.Qd8+ Kg7 59.Qd4+ Kg8 60.Qd3 Kg7 61.Qe4 Qd6 62.Qb7+ Kh8 63.Qb2+ Kg8
64.Qe2 Kf7 65.Kg4 Qd7+ 66.Kg3 Qc7+ 67.f4 Qd7 68.Qh5+ Kg7 69.Qh6+ Kg8 70.Qg6+ Kh8
71.Qf6+ Kg8 72.Qc3 Kh7 73.Qc2+ Kg8 74.Qe4 Qd6 75.Kg4 Qd7+ 76.f5 Qd1+ 77.Kh4 Kf8
78.f6 Kf7 79.Qh7+ Ke6 80.f7 Qh1+ 81.Kg4 Qg2+ 82.Kh5 Qf3+ 83.Kg6 Qd3+  1-0

[Event "Havana Provincial-B"]
[Site "Havana"]
[Date "1999.??.??"]
[Round "?"]
[White "Toledo, W."]
[Black "Lopez, Carlos Manuel"]
[Result "1/2-1/2"]
[WhiteElo "2055"]
[BlackElo "2295"]

1.e4 c5 2.Nc3 e6 3.Nf3 Nc6 4.d4 cxd4 5.Nxd4 Nf6 6.Nxc6 bxc6 7.e5 Nd5 8.Ne4 Qc7
9.f4 Qb6 10.Bd3 Ba6 11.Bxa6 Qxa6 12.Qe2 Qxe2+ 13.Kxe2 f5 14.Nf2  1/2-1/2

[Event "Helsinki op2"]
[Site "Helsinki"]
[Date "1999.??.??"]
[Round "4"]
[White "Raisa, Unto"]
[Black "Issakainen, Ari"]
[Result "0-1"]
[WhiteElo "2209"]
[BlackElo "2256"]

1.e4 c5 2.Nf3 e6 3.d4 cxd4 4.Nxd4 Nc6 5.Nc3 Qc7 6.Be2 a6 7.O-O Nf6 8.Be3 Bb4
9.Nxc6 bxc6 10.Na4 Be7 11.Nb6 Rb8 12.Nxc8 Qxc8 13.e5 Nd5 14.Bc1 Bc5 15.c4 Ne7
16.Kh1 Qc7 17.f4 O-O 18.Bd3 d6 19.exd6 Bxd6 20.Qf3 Nf5 21.Bxf5 exf5 22.b3 Rfe8
23.Bb2 Rbd8 24.Qc3 Bf8 25.g3 Re2 26.Rae1 Qe7 27.Rxe2 Qxe2 28.Re1 Rd1  0-1

[Event "Hessen-ch int"]
[Site "Hessen"]
[Date "1999.??.??"]
[Round "2"]
[White "Napierala, Dieter"]
[Black "Zatschek, Mark"]
[Result "1-0"]
[WhiteElo "2095"]
[BlackElo "2215"]

1.e4 c5 2.Nf3 Nc6 3.d4 cxd4 4.Nxd4 e6 5.Nc3 a6 6.a4 Nge7 7.Be2 Nxd4 8.Qxd4 Nc6
9.Qd1 Bc5 10.O-O Qc7 11.Kh1 O-O 12.f4 f6 13.f5 Bd6 14.Bd3 Ne5 15.Qh5 Qc5
16.Qh4 b6 17.Nd1 Bb7 18.Be3 Qc6 19.Bd4 b5 20.Ne3 bxa4 21.Ng4 Nxg4 22.Qxg4 e5
23.Be3 a5 24.Rf3 Ba6 25.Rh3 Rf7 26.Qh5 Kf8 27.Qxh7 Ke8 28.c4 Bf8 29.Be2 Rb8
30.Qg8 Rxb2 31.Bh5 Bxc4 32.Rc1 Qxe4 33.Bxf7+ Ke7 34.Bc5+ d6 35.Bxd6+ Kd7
36.Be6+ Kc6 37.Bd5+ Kb6 38.Bxe4 Bxg8 39.Bxf8  1-0